[Event "Bicaz City Cup"]
[Site "Bicaz"]
[Date "2020.03.07"]
[Round "4"]
[White "Sandulescu, Gheorghe"]
[Black "Prisacaru, Stefan Emilian"]
[Result "0-1"]
[WhiteElo "1632"]
[BlackElo "1953"]
[PlyCount "84"]
[EventDate "2020.03.05"]
[EventType "swiss"]
[EventRounds "7"]
[EventCountry "ROU"]
[SourceTitle "CBM 195 Extra"]
[Source "ChessBase"]
[SourceDate "2020.05.31"]
[SourceVersion "1"]
[SourceVersionDate "2020.05.31"]
[SourceQuality "1"]

1. d4 Nf6 2. c4 e6 3. Nf3 c5 4. d5 exd5 5. cxd5 d6 6. Nc3 g6 7. Bf4 Bg7 8. Qa4+ Bd7 9. Qb3 Qc7 10. e4 0-0 11. Be2 Nh5 12. Bg5 h6 13. Be3 a6 14. a4 Bg4 15. h3 Bxf3 16. gxf3 Nd7 17. a5 Nhf6 18. f4 Rfe8 19. Ra4 b5 20. axb6 Nxb6 21. Ra2 Nxe4 22. Nxe4 Rxe4 23. 0-0 Rb4 24. Qd3 a5 25. b3 Qb7 26. Bd2 Rd4 27. Qb5 Rb8 28. Bc3 Rxf4 29. Bxg7 Kxg7 30. Qxa5 Nxd5 31. Bc4 Nb4 32. Re2 d5 33. Qxc5 dxc4 34. Qe5+ Rf6 35. bxc4 Nc6 36. Qa1 Ra8 37. Qc3 Qb4 38. Qd3 Rd8 39. Qb1 Qxb1 40. Rxb1 Nd4 41. Re3 Rc6 42. Rc1 Rd7 0-1

[Event "ROM-ch op"]
[Site "Sarata Monteoru"]
[Date "2011.02.20"]
[Round "11"]
[White "Sandulescu, Gheorghe"]
[Black "Pepene, Gheorghe"]
[Result "0-1"]
[WhiteElo "1873"]
[BlackElo "2118"]
[PlyCount "80"]
[EventDate "2011.02.12"]
[EventType "swiss"]
[EventRounds "11"]
[EventCountry "ROU"]
[SourceTitle "CBM 140 Extra"]
[Source "ChessBase"]
[SourceDate "2011.03.01"]
[SourceVersion "1"]
[SourceVersionDate "2011.03.01"]
[SourceQuality "1"]

1. d4 d5 2. c4 e6 3. Nc3 Nf6 4. Nf3 c6 5. Bg5 Be7 6. e3 Nbd7 7. Bd3 dxc4 8. Bxc4 b5 9. Be2 a6 10. 0-0 Bb7 11. Rc1 Rc8 12. Nd2 e5 13. Bf3 Qb6 14. Nce4 exd4 15. Nxf6+ gxf6 16. Bh6 Ne5 17. exd4 Qxd4 18. Qe2 Qxb2 19. Rfe1 Rg8 20. Be4 Rc7 21. f4 Qd4+ 22. Kh1 Ng4 23. h3 Nxh6 24. Bxc6+ Bxc6 25. Rxc6 Qd7 26. Rxf6 Rg6 27. Ne4 Kf8 28. Rxg6 hxg6 29. Rd1 Qe6 30. Qd3 Nf5 31. Kh2 Qc4 32. Qf3 Qxa2 33. Nc3 Qc2 34. Nd5 Rc8 35. Nb6 Rd8 36. Rxd8+ Bxd8 37. Nd7+ Kg7 38. Qd5 Bh4 39. Qe5+ f6 40. Qa1 Qd2 0-1

[Event "ROM-ch op"]
[Site "Sarata Monteoru"]
[Date "2011.02.19"]
[Round "10"]
[White "Sandulescu, Gheorghe"]
[Black "Dobrea, Eugen"]
[Result "1/2-1/2"]
[WhiteElo "1873"]
[BlackElo "1761"]
[PlyCount "123"]
[EventDate "2011.02.12"]
[EventType "swiss"]
[EventRounds "11"]
[EventCountry "ROU"]
[SourceTitle "EXT 2013"]
[Source "ChessBase"]
[SourceDate "2012.11.22"]
[SourceVersion "1"]
[SourceVersionDate "2012.11.22"]
[SourceQuality "1"]

1. d4 Nf6 2. c4 d5 3. Nc3 e6 4. Nf3 c5 5. Bg5 cxd4 6. Qxd4 Nbd7 7. cxd5 Bc5 8. Bxf6 Qb6 9. Qh4 Nxf6 10. e3 Qxb2 11. Bb5+ Bd7 12. Bxd7+ Nxd7 13. 0-0 Qxc3 14. dxe6 fxe6 15. Rac1 Qf6 16. Qa4 Rc8 17. Rfd1 Rc6 18. Qb5 Bb6 19. Rxc6 bxc6 20. Qxc6 0-0 21. Qxd7 h6 22. Qc6 Qf7 23. h3 Kh8 24. Qc2 Qf6 25. Rd7 e5 26. Qe4 Qe6 27. Nxe5 Rf6 28. Nf7+ Kg8 29. Qxe6 Rxe6 30. Nd8 Re4 31. Nc6 Ra4 32. Rd2 Kf7 33. Kf1 Ke6 34. Ke2 g5 35. f3 Kf6 36. g4 Rc4 37. Rd6+ Kg7 38. Kd3 Ra4 39. Nd4 Rxa2 40. Nf5+ Kf7 41. Nxh6+ Kf8 42. Nf5 Rh2 43. Rh6 Kf7 44. Ke4 Rb2 45. h4 gxh4 46. Rxh4 a5 47. g5 Rb4+ 48. Nd4 a4 49. Kf5 a3 50. g6+ Kg8 51. Rh1 a2 52. Ra1 Ra4 53. f4 Ba5 54. Ne2 Kg7 55. Nc1 Bd2 56. Rxa2 Rxa2 57. Nxa2 Bxe3 58. Nc3 Bxf4 59. Ne2 Be3 60. Ng3 Bd4 61. Nh5+ Kg8 62. Nf6+ 1/2-1/2

[Event "ROM-ch op"]
[Site "Sarata Monteoru"]
[Date "2011.02.12"]
[Round "1"]
[White "Doros, Radu Marian"]
[Black "Sandulescu, Gheorghe"]
[Result "1/2-1/2"]
[WhiteElo "2348"]
[BlackElo "1873"]
[PlyCount "103"]
[EventDate "2011.02.12"]
[EventType "swiss"]
[EventRounds "11"]
[EventCountry "ROU"]
[SourceTitle "CBM 140 Extra"]
[Source "ChessBase"]
[SourceDate "2011.03.01"]
[SourceVersion "1"]
[SourceVersionDate "2011.03.01"]
[SourceQuality "1"]

1. e4 e6 2. d4 d5 3. Nc3 Nf6 4. e5 Nfd7 5. Nce2 c5 6. c3 Nc6 7. f4 Qa5 8. Nf3 cxd4 9. Nfxd4 Nxd4 10. Nxd4 a6 11. Be2 Be7 12. 0-0 0-0 13. Be3 Qd8 14. a4 Bc5 15. b4 Ba7 16. a5 Nb8 17. Qd2 Bd7 18. Nb3 Bxe3+ 19. Qxe3 Bc6 20. Nd4 Be8 21. f5 exf5 22. Nxf5 Nc6 23. Rad1 Ne7 24. Nd6 Qc7 25. c4 Bc6 26. b5 axb5 27. cxb5 Bd7 28. b6 Qb8 29. Qg5 Nc6 30. Rxd5 Be6 31. Nf5 Bxf5 32. Rxf5 Rxa5 33. Rxa5 Nxa5 34. e6 f6 35. Qf4 Nc6 36. Qxb8 Rxb8 37. Rd5 Re8 38. Rd6 Kf8 39. Bb5 Rd8 40. Rd7 Rxd7 41. exd7 Nd8 42. Kf2 Ke7 43. Ke3 Kd6 44. h4 Kc5 45. Bd3 g6 46. h5 f5 47. g4 Kxb6 48. gxf5 gxh5 49. Kf4 Kc7 50. Kg5 Kxd7 51. Kxh5 Nf7 52. f6 1/2-1/2

[Event "ROM-ch"]
[Site "Amara"]
[Date "2007.02.18"]
[Round "4"]
[White "Dobre, Claudiu Cristian"]
[Black "Sandulescu, Gheorghe"]
[Result "1-0"]
[WhiteElo "2251"]
[BlackElo "1950"]
[PlyCount "56"]
[EventDate "2007.02.16"]
[EventType "swiss"]
[EventRounds "9"]
[EventCountry "ROU"]
[SourceTitle "CBM 117 Extra"]
[Source "ChessBase"]
[SourceDate "2007.05.09"]
[SourceVersion "1"]
[SourceVersionDate "2007.05.09"]
[SourceQuality "1"]

1. d4 d5 2. c4 dxc4 3. Nf3 Nf6 4. Nc3 a6 5. a4 Nc6 6. e4 Bg4 7. d5 Nb4 8. Bxc4 e6 9. 0-0 exd5 10. exd5 Be7 11. h3 Bh5 12. a5 0-0 13. Bf4 Bd6 14. Bxd6 Qxd6 15. Ra4 Rad8 16. g4 Bg6 17. Qb3 Nfxd5 18. Rd1 Bc2 19. Rxd5 Qxd5 20. Bxd5 Bxb3 21. Bxb3 c5 22. Ne4 Nd3 23. Rc4 Nxb2 24. Rxc5 Rd3 25. Ned2 Rfd8 26. Rc2 Nd1 27. Rc7 Rxb3 28. Nxb3 Nb2 1-0

[Event "Ploiesti TC IND Cup op"]
[Site "Ploiesti"]
[Date "2002.10.01"]
[Round "10"]
[White "Sandulescu, Gheorghe"]
[Black "Pogorevici, Leonid"]
[Result "1/2-1/2"]
[WhiteElo "2043"]
[BlackElo "2144"]
[PlyCount "67"]
[EventDate "2002.09.14"]
[EventType "swiss"]
[EventRounds "11"]
[EventCountry "ROU"]
[SourceTitle "EXT 2003"]
[Source "ChessBase"]
[SourceDate "2002.11.25"]
[SourceVersion "1"]
[SourceVersionDate "2002.11.25"]
[SourceQuality "1"]

1. d4 d5 2. c4 c5 3. Nf3 dxc4 4. Nc3 cxd4 5. Qxd4 Qxd4 6. Nxd4 Nf6 7. Bg5 e6 8. Bxf6 gxf6 9. e4 a6 10. a4 Bd7 11. Bxc4 Nc6 12. Rd1 Nxd4 13. Rxd4 Bc5 14. Rd3 Rc8 15. b3 Bb4 16. Kd2 b5 17. axb5 axb5 18. Rxd7 Kxd7 19. Bxb5+ Ke7 20. Bc4 Rhd8+ 21. Kc2 Rd4 22. Re1 Ra8 23. Re2 Bxc3 24. Kxc3 e5 25. g4 h5 26. h3 h4 27. f4 Ra1 28. fxe5 fxe5 29. Kb4 Rf1 30. Ra2 Rf3 31. Ra7+ Rd7 32. Ra5 f6 33. Ra6 Rd6 34. Ra7+ 1/2-1/2